O banheiro em disputa igualdade, reconhecimento e identidade de gn̊ero

Bibliographic Details
Main Author: Sales de Meira, Renan
Format: eBook
Language:Portuguese
Published: Belo Horizonte: Initia Via Editora, 2017
Subjects:
Online Access:Acceso restringido

MARC

LEADER 00000nam a22000007a 4500
005 20210422224613.0
007 cr|||| ||||
008 210422s2017 br |||||s|||| 00||0 por d
020 |a 978-85-9547-004-0 
035 |a 33005 
040 |a vLex 
090 |c 11501  |d 11501 
100 1 |a Sales de Meira, Renan 
245 1 1 |a O banheiro em disputa igualdade, reconhecimento e identidade de gn̊ero  |h [Recurso electrn̤ico] /  |c Renan Sales de Meira 
256 |a Servicio en ln̕ea 
260 |a Belo Horizonte:  |b Initia Via Editora,  |c 2017 
300 |a 1 recurso electrn̤ico 
506 1 |a Disponible solo en los productos indicados  |d vLex Global  |d vLex Global (Academic Edition, excluding Law Schools)  |d vLex Global (U.S. Academic Edition, Law Schools)  |d vLex Global (U.S. Academic Edition, excluding Law Schools)  |d vLex Global (Academic Edition, Law Schools) 
650 0 4 |a Ciencias sociales  |z Brasil 
740 0 |a vLex Libros (Servicio en ln̕ea) 
856 4 0 |u https://vlex.com/source/banheiro-disputa-igualdade-reconhecimento-identidade-g-nero-33005  |z Acceso restringido 
942 |c BOOK 
999 0 |a Social Sciences